| 000 | 01030cam a22003013a 4500 | ||
|---|---|---|---|
| 001 | 3748 | ||
| 003 | PGUSA | ||
| 005 | 20140828083037.0 | ||
| 008 | 030201s2003||||xxu|||||s|||||000 1 eng d | ||
| 040 |
_aPGUSA _beng |
||
| 042 | _adc | ||
| 050 | 4 | _aPQ | |
| 100 | 1 |
_aVerne, Jules, _d1828-1905 |
|
| 245 | 1 | 2 |
_aA Journey into the Interior of the Earth _h[electronic resource] / _cJules Verne |
| 260 |
_bProject Gutenberg, _c2003 |
||
| 500 | _aDate of origin in French, 1864. See also PG#18857 for the common English re-write version, The Journey to the Centre of the Earth. | ||
| 506 | _aPublic domain in the USA. | ||
| 516 | _aElectronic text | ||
| 653 | _aVoyages, Imaginary -- Fiction | ||
| 653 | _aEarth (Planet) -- Core -- Fiction | ||
| 653 | _aScience fiction | ||
| 653 | _aAdventure stories | ||
| 700 | 1 |
_aMalleson, F. A. _q(Frederick Amadeus), _d1819-1897 |
|
| 740 | 0 | _aVoyage au centre de la terre. English | |
| 830 | 0 |
_aProject Gutenberg _v3748 |
|
| 856 | 4 | 0 | _uhttp://www.gutenberg.org/ebooks/3748 |
| 942 | _cEB | ||
| 999 |
_c233077 _d233077 |
||